<?xml version="1.0" encoding="UTF-8"?>
<record
    xmlns:xsi="http://www.w3.org/2001/XMLSchema-instance"
    xsi:schemaLocation="http://www.loc.gov/MARC21/slim http://www.loc.gov/standards/marcxml/schema/MARC21slim.xsd"
    xmlns="http://www.loc.gov/MARC21/slim">

  <leader>01934nam a22002537a 4500</leader>
  <controlfield tag="005">20260429144907.0</controlfield>
  <controlfield tag="008">260429b        |||||||| |||| 00| 0 ukr d</controlfield>
  <datafield tag="020" ind1=" " ind2=" ">
    <subfield code="a">966-7060-73-&#x425;</subfield>
    <subfield code="c">30.00</subfield>
  </datafield>
  <datafield tag="040" ind1=" " ind2=" ">
    <subfield code="b">&#x443;&#x43A;&#x440;.</subfield>
  </datafield>
  <datafield tag="041" ind1=" " ind2=" ">
    <subfield code="2">ukr</subfield>
    <subfield code="a">ukr</subfield>
  </datafield>
  <datafield tag="080" ind1=" " ind2=" ">
    <subfield code="a">94(477)</subfield>
  </datafield>
  <datafield tag="090" ind1=" " ind2=" ">
    <subfield code="a">94(477)</subfield>
    <subfield code="b">&#x421; 32</subfield>
  </datafield>
  <datafield tag="100" ind1=" " ind2=" ">
    <subfield code="a">&#x421;&#x435;&#x440;&#x433;&#x456;&#x439;&#x447;&#x443;&#x43A;,&#x412;&#x43E;&#x43B;&#x43E;&#x434;&#x438;&#x43C;&#x438;&#x440;</subfield>
  </datafield>
  <datafield tag="245" ind1=" " ind2=" ">
    <subfield code="a">&#x423;&#x43A;&#x440;&#x430;&#x457;&#x43D;&#x441;&#x44C;&#x43A;&#x438;&#x439; &#x437;&#x434;&#x432;&#x438;&#x433;. &#x41F;&#x440;&#x438;&#x43A;&#x430;&#x440;&#x43F;&#x430;&#x442;&#x442;&#x44F;. 1939-1955</subfield>
    <subfield code="h">&#x422;&#x435;&#x43A;&#x441;&#x442;</subfield>
  </datafield>
  <datafield tag="260" ind1=" " ind2=" ">
    <subfield code="a">&#x41A;&#x438;&#x457;&#x432;</subfield>
    <subfield code="b">&#x423;&#x43A;&#x440;&#x430;&#x457;&#x43D;&#x441;&#x44C;&#x43A;&#x430; &#x412;&#x438;&#x434;&#x430;&#x432;&#x43D;&#x438;&#x447;&#x430; &#x421;&#x43F;&#x456;&#x43B;&#x43A;&#x430;</subfield>
    <subfield code="c">2005</subfield>
  </datafield>
  <datafield tag="300" ind1=" " ind2=" ">
    <subfield code="a">840 &#x441;.</subfield>
    <subfield code="f">&#x412; &#x43E;&#x43F;&#x440;.</subfield>
  </datafield>
  <datafield tag="490" ind1=" " ind2=" ">
    <subfield code="v">&#x422;.3.</subfield>
  </datafield>
  <datafield tag="520" ind1=" " ind2=" ">
    <subfield code="a">&#x423; &#x447;&#x435;&#x440;&#x433;&#x43E;&#x432;&#x456;&#x439; &#x43A;&#x43D;&#x438;&#x437;&#x456; &#x43F;'&#x44F;&#x442;&#x438;&#x442;&#x43E;&#x43C;&#x43D;&#x43E;&#x433;&#x43E; &#x432;&#x438;&#x434;&#x430;&#x43D;&#x43D;&#x44F; &#x434;&#x43E;&#x43A;&#x443;&#x43C;&#x435;&#x43D;&#x442;&#x456;&#x432; &#x456; &#x43C;&#x430;&#x442;&#x435;&#x440;&#x456;&#x430;&#x43B;&#x456;&#x432; &#x43F;&#x440;&#x43E; &#x443;&#x43A;&#x440;&#x430;&#x457;&#x43D;&#x441;&#x44C;&#x43A;&#x438;&#x439; &#x43D;&#x430;&#x446;&#x456;&#x43E;&#x43D;&#x430;&#x43B;&#x44C;&#x43D;&#x43E;-&#x432;&#x438;&#x437;&#x432;&#x43E;&#x43B;&#x44C;&#x43D;&#x438;&#x439; &#x440;&#x443;&#x445; &#x437;&#x430; &#x432;&#x456;&#x434;&#x43D;&#x43E;&#x432;&#x43B;&#x435;&#x43D;&#x43D;&#x44F; &#x456; &#x443;&#x442;&#x432;&#x435;&#x440;&#x434;&#x436;&#x435;&#x43D;&#x43D;&#x44F; &#x432;&#x43B;&#x430;&#x441;&#x43D;&#x43E;&#x457; &#x434;&#x435;&#x440;&#x436;&#x430;&#x432;&#x438; &#x437; &#x43F;&#x43E;&#x447;&#x430;&#x442;&#x43A;&#x43E;&#x43C; &#x414;&#x440;&#x443;&#x433;&#x43E;&#x457; &#x441;&#x432;&#x456;&#x442;&#x43E;&#x432;&#x43E;&#x457; &#x432;&#x456;&#x439;&#x43D;&#x438;, &#x440;&#x43E;&#x437;&#x43F;&#x43E;&#x432;&#x456;&#x434;&#x430;&#x454;&#x442;&#x44C;&#x441;&#x44F; &#x43F;&#x440;&#x43E; &#x43F;&#x440;&#x43E;&#x431;&#x443;&#x434;&#x436;&#x435;&#x43D;&#x43D;&#x44F; &#x43D;&#x430;&#x446;&#x456;&#x43E;&#x43D;&#x430;&#x43B;&#x44C;&#x43D;&#x43E;&#x457; &#x441;&#x432;&#x456;&#x434;&#x43E;&#x43C;&#x43E;&#x441;&#x442;&#x456; &#x443;&#x43A;&#x440;&#x430;&#x457;&#x43D;&#x446;&#x456;&#x432; &#x41A;&#x430;&#x440;&#x43F;&#x430;&#x442;&#x441;&#x44C;&#x43A;&#x43E;&#x433;&#x43E; &#x43A;&#x440;&#x430;&#x44E;, &#x43A;&#x43E;&#x442;&#x440;&#x456; &#x43F;&#x440;&#x43E;&#x442;&#x44F;&#x433;&#x43E;&#x43C; &#x431;&#x430;&#x433;&#x430;&#x442;&#x44C;&#x43E;&#x445; &#x441;&#x442;&#x43E;&#x43B;&#x456;&#x442;&#x44C; &#x431;&#x443;&#x43B;&#x438; &#x43F;&#x43E;&#x43D;&#x435;&#x432;&#x43E;&#x43B;&#x435;&#x43D;&#x456; &#x447;&#x443;&#x436;&#x438;&#x43D;&#x446;&#x44F;&#x43C;&#x438;. &#x41D;&#x430; &#x43A;&#x43E;&#x43D;&#x43A;&#x440;&#x435;&#x442;&#x43D;&#x438;&#x445; &#x444;&#x430;&#x43A;&#x442;&#x430;&#x445; &#x43F;&#x43E;&#x43A;&#x430;&#x437;&#x430;&#x43D;&#x43E;, &#x44F;&#x43A; &#x43F;&#x43E;&#x440;&#x44F;&#x434; &#x456;&#x437; &#x436;&#x435;&#x440;&#x442;&#x43E;&#x432;&#x43D;&#x438;&#x43C; &#x432;&#x456;&#x434;&#x440;&#x43E;&#x434;&#x436;&#x435;&#x43D;&#x43D;&#x44F;&#x43C; &#x443;&#x43A;&#x440;&#x430;&#x457;&#x43D;&#x441;&#x442;&#x432;&#x430; &#x43F;&#x43E; &#x43E;&#x431;&#x43E;&#x445; &#x441;&#x445;&#x438;&#x43B;&#x430;&#x445; &#x41A;&#x430;&#x440;&#x43F;&#x430;&#x442; &#x443; 1939-1941 &#x440;&#x43E;&#x43A;&#x430;&#x445; &#x433;&#x43E;&#x442;&#x443;&#x432;&#x430;&#x432;&#x441;&#x44F; &#x43F;&#x43B;&#x430;&#x446;&#x434;&#x430;&#x440;&#x43C; &#x434;&#x43B;&#x44F; &#x440;&#x43E;&#x437;&#x433;&#x43E;&#x440;&#x442;&#x430;&#x43D;&#x43D;&#x44F; &#x432;&#x438;&#x437;&#x432;&#x43E;&#x43B;&#x44C;&#x43D;&#x43E;&#x457; &#x431;&#x43E;&#x440;&#x43E;&#x442;&#x44C;&#x431;&#x438; &#x43D;&#x430; &#x412;&#x435;&#x43B;&#x438;&#x43A;&#x456;&#x439; &#x423;&#x43A;&#x440;&#x430;&#x457;&#x43D;&#x456;.</subfield>
  </datafield>
  <datafield tag="521" ind1=" " ind2=" ">
    <subfield code="a">&#x414;&#x43B;&#x44F; &#x448;&#x438;&#x440;&#x43E;&#x43A;&#x43E;&#x433;&#x43E; &#x43A;&#x43E;&#x43B;&#x430; &#x447;&#x438;&#x442;&#x430;&#x447;&#x456;&#x432;</subfield>
  </datafield>
  <datafield tag="546" ind1=" " ind2=" ">
    <subfield code="a">&#x443;&#x43A;&#x440;.</subfield>
  </datafield>
  <datafield tag="650" ind1=" " ind2=" ">
    <subfield code="a">&#x41D;&#x430;&#x443;&#x43A;&#x43E;&#x432;&#x43E;-&#x43F;&#x43E;&#x43F;&#x443;&#x43B;&#x44F;&#x440;&#x43D;&#x430; &#x43B;&#x456;&#x442;&#x435;&#x440;&#x430;&#x442;&#x443;&#x440;&#x430;</subfield>
    <subfield code="v"> &#x406;&#x441;&#x442;&#x43E;&#x440;&#x456;&#x44F; &#x423;&#x43A;&#x440;&#x430;&#x457;&#x43D;&#x438; &#x425;&#x425; &#x441;&#x442;&#x43E;&#x43B;&#x456;&#x442;&#x442;&#x44F;</subfield>
  </datafield>
  <datafield tag="653" ind1=" " ind2=" ">
    <subfield code="a">&#x41D;&#x430;&#x446;&#x456;&#x43E;&#x43D;&#x430;&#x43B;&#x44C;&#x43D;&#x43E;-&#x432;&#x438;&#x437;&#x432;&#x43E;&#x43B;&#x44C;&#x43D;&#x438;&#x445; &#x440;&#x443;&#x445;</subfield>
    <subfield code="a">&#x414;&#x440;&#x443;&#x433;&#x430; &#x441;&#x432;&#x456;&#x442;&#x43E;&#x432;&#x430; &#x432;&#x456;&#x439;&#x43D;&#x430;</subfield>
    <subfield code="a">&#x412;&#x456;&#x434;&#x440;&#x43E;&#x434;&#x436;&#x435;&#x43D;&#x43D;&#x44F; &#x443;&#x43A;&#x440;&#x430;&#x457;&#x43D;&#x441;&#x442;&#x432;&#x430;</subfield>
  </datafield>
  <datafield tag="942" ind1=" " ind2=" ">
    <subfield code="2">udc</subfield>
    <subfield code="c">BK</subfield>
  </datafield>
  <datafield tag="999" ind1=" " ind2=" ">
    <subfield code="c">17564</subfield>
    <subfield code="d">17564</subfield>
  </datafield>
  <datafield tag="952" ind1=" " ind2=" ">
    <subfield code="0">0</subfield>
    <subfield code="1">0</subfield>
    <subfield code="2">udc</subfield>
    <subfield code="4">0</subfield>
    <subfield code="7">0</subfield>
    <subfield code="a">CMB</subfield>
    <subfield code="b">CMB</subfield>
    <subfield code="c">AB</subfield>
    <subfield code="d">2026-04-29</subfield>
    <subfield code="i">55313</subfield>
    <subfield code="l">0</subfield>
    <subfield code="o">94(477)</subfield>
    <subfield code="p">19346</subfield>
    <subfield code="r">2026-04-29</subfield>
    <subfield code="w">2026-04-29</subfield>
    <subfield code="y">BK</subfield>
  </datafield>
</record>
